Использование горизонтального шнекового реактора для получения тетрафторобромата калия; Ядерная энергетика: технология, безопасность, экология, экономика, управление

Podrobná bibliografie
Parent link:Ядерная энергетика: технология, безопасность, экология, экономика, управление.— 2010.— [С. 61-62]
Hlavní autor: Соболев В. И.
Další autoři: Островский Д. Ю.
Shrnutí:Заглавие с экрана.
Электронная версия печатной публикации
Jazyk:ruština
Vydáno: 2010
Témata:
On-line přístup:http://www.lib.tpu.ru/fulltext/v/Conferences/2010/K03/03026.pdf
Médium: MixedMaterials Elektronický zdroj Kapitola
KOHA link:https://koha.lib.tpu.ru/cgi-bin/koha/opac-detail.pl?biblionumber=206917

MARC

LEADER 00000naa2a2200000 4500
001 206917
005 20260127141517.0
035 |a (RuTPU)RU\TPU\book\225640 
035 |a RU\TPU\book\225636 
090 |a 206917 
100 |a 20120118d2010 k y0rusy50 ca 
101 0 |a rus 
102 |a RU 
135 |a drnn ---uucaa 
181 0 |a i  
182 0 |a b 
200 1 |a Использование горизонтального шнекового реактора для получения тетрафторобромата калия  |f В. И. Соболев, Д. Ю. Островский 
203 |a Текст  |c электронный 
215 |a 1 файл (555 Кб) 
300 |a Заглавие с экрана. 
300 |a Электронная версия печатной публикации 
337 |a Adobe Reader 
463 1 |0 (RuTPU)RU\TPU\book\224752  |t Ядерная энергетика: технология, безопасность, экология, экономика, управление  |o сборник научных трудов I Всероссийской научно-практической конференции молодых атомщиков Сибири, Томск, 19-21 сентября 2010 г.  |f Национальный исследовательский Томский политехнический университет (ТПУ)  |v [С. 61-62]  |d 2010 
610 1 |a шнековые транспортеры 
610 1 |a реакторы 
610 1 |a шнековые реакторы 
610 1 |a тетрафторобромат калия 
610 1 |a получение 
610 1 |a бромид калия 
610 1 |a фторирование 
610 1 |a электронный ресурс 
610 1 |a труды учёных ТПУ 
700 1 |a Соболев  |b В. И. 
701 1 |a Островский  |b Д. Ю. 
801 1 |a RU  |b 63413507  |c 20120113 
801 2 |a RU  |b 63413507  |c 20120424  |g RCR 
856 4 |u http://www.lib.tpu.ru/fulltext/v/Conferences/2010/K03/03026.pdf 
942 |c CF